书目信息 |
| 题名: |
专题地图的自动构建机制及在线制图研究
|
|
| 作者: | 赵飞 著 | |
| 分册: | ||
| 出版信息: | 北京 测绘出版社 2018.11 |
|
| 页数: | 115页, [5] 页图版 | |
| 开本: | 24cm | |
| 丛书名: | ||
| 单 册: | ||
| 中图分类: | P285 | |
| 科图分类: | ||
| 主题词: | 专题地图--zhuan ti di tu--地图制图自动化--研究 | |
| 电子资源: | ||
| ISBN: | 978-7-5030-4074-0 | |
| 000 | 01207nam0 2200265 450 | |
| 001 | 94999 | |
| 005 | 20250821084341.93 | |
| 010 | @a978-7-5030-4074-0@dCNY45.00 | |
| 100 | @a20190325d2018 em y0chiy50 ea | |
| 101 | 0 | @achi@eeng |
| 102 | @aCN@b110000 | |
| 105 | @aabfka 000yy | |
| 106 | @ar | |
| 200 | 1 | @a专题地图的自动构建机制及在线制图研究@Azhuan ti di tu de zi dong gou jian ji zhi ji zai xian zhi tu yan jiu@d= Research on automatic construction mechanism and online mapping of thematic cartography@f赵飞著@zeng |
| 210 | @a北京@c测绘出版社@d2018.11 | |
| 215 | @a115页, [5] 页图版@c图, 地图@d24cm | |
| 300 | @a测绘地理信息科技出版资金资助 | |
| 320 | @a有书目 (第109-115页) | |
| 330 | @a本书包括专题地图自动构建的符号模型、以单词为中心的专题符号自动构建机制 (具有“语音-语义-句法”三个层次的符号化架构)、专题地图在线交互制图模型及形式化描述、面向多源异构数据的专题地图服务架构及交互制图机制等内容。 | |
| 510 | 1 | @aResearch on automatic construction mechanism and online mapping of thematic cartography@zeng |
| 606 | 0 | @a专题地图@Azhuan ti di tu@x地图制图自动化@x研究 |
| 690 | @aP285@v5 | |
| 701 | 0 | @a赵飞@Azhao fei@4著 |
| 801 | 0 | @aCN@c20250909 |
| 905 | @a河南城建学院图书馆@dP285@eZ303 | |
| 专题地图的自动构建机制及在线制图研究= Research on automatic construction mechanism and online mapping of thematic cartography/赵飞著.-北京:测绘出版社,2018.11 |
| 115页, [5] 页图版:图, 地图;24cm |
| 测绘地理信息科技出版资金资助 |
| ISBN 978-7-5030-4074-0:CNY45.00 |
| 本书包括专题地图自动构建的符号模型、以单词为中心的专题符号自动构建机制 (具有“语音-语义-句法”三个层次的符号化架构)、专题地图在线交互制图模型及形式化描述、面向多源异构数据的专题地图服务架构及交互制图机制等内容。 |
| ● |
| 相关链接 |
|
|
|
正题名:专题地图的自动构建机制及在线制图研究
索取号:P285/Z303
 
预约/预借
| 序号 | 登录号 | 条形码 | 馆藏地/架位号 | 状态 | 备注 |
| 1 | 1630620 | 216306209 | 自科库401/401自科库 125排2列3层/ [索取号:P285/Z303] | 在馆 |